K měření růstu spotřebitelských cen

Meranie rastu spotrebiteľských cien a priemernej medzimesačnej miery inflácie. Ročná miera inflácie v Česku v r. 1994 a 1995.

Na minha lista:
Detalhes bibliográficos
Autor principal: Dubský, Stanislav
Formato: Capítulo de Livro
Idioma:tcheco
Assuntos:
Tags: Adicionar Tag
Sem tags, seja o primeiro a adicionar uma tag!

MARC

LEADER 00000naa a2200000 4500
001 r023237
005 20230925105625.1
041 0 |a cze 
044 |a CZ 
245 1 0 |a K měření růstu spotřebitelských cen  |c Stanislav Dubský 
520 |a Meranie rastu spotrebiteľských cien a priemernej medzimesačnej miery inflácie. Ročná miera inflácie v Česku v r. 1994 a 1995. 
610 2 0 |a štatistika 
610 2 0 |a ceny spotrebiteľské 
610 2 0 |a inflácia 
610 2 0 |a miera inflácie 
610 2 0 |a Česko 
610 2 0 |a 1994-1995 
100 1 |a Dubský, Stanislav